| 000 | 00859cam a22002413a 4500 | ||
|---|---|---|---|
| 001 | 18065 | ||
| 003 | PGUSA | ||
| 005 | 20140828083402.0 | ||
| 008 | 060328s2006||||xxu|||||s|||||000 | eng d | ||
| 040 |
_aPGUSA _beng |
||
| 042 | _adc | ||
| 050 | 4 | _aTA | |
| 100 | 1 |
_aNoble, Alfred, _d1844-1914 |
|
| 245 | 1 | 0 |
_aTransactions of the American Society of Civil Engineers, Vol. LXVIII, Sept. 1910 : _bThe New York Tunnel Extension of the Pennsylvania Railroad. The East River Division. Paper No. 1152 _h[electronic resource] / _cAlfred Noble |
| 260 |
_bProject Gutenberg, _c2006 |
||
| 506 | _aPublic domain in the USA. | ||
| 516 | _aElectronic text | ||
| 653 | _aRailroad tunnels -- Design and construction | ||
| 653 | _aCivil engineering -- Periodicals | ||
| 830 | 0 |
_aProject Gutenberg _v18065 |
|
| 856 | 4 | 0 | _uhttp://www.gutenberg.org/ebooks/18065 |
| 942 | _cEB | ||
| 999 |
_c247320 _d247320 |
||